| 000 | 01044nam a2200265 i 4500 | ||
|---|---|---|---|
| 003 | IT-RoINE | ||
| 005 | 20190320102117.0 | ||
| 008 | 060111m20052008sp | r ||| ||spa d | ||
| 020 | _a843762262X | ||
| 040 |
_aSpMaBN _bspa _cIT-RoINE _erdc |
||
| 245 | 0 | 0 |
_aHistoria de las mujeres en España y América Latina / _cIsabel Morant (dir.). |
| 260 |
_aMadrid : _bCátedra, _c2005-2008. |
||
| 300 |
_a4 v. : _bil. ; _c21 cm. |
||
| 336 |
_2rdacontent _atext |
||
| 337 |
_2rdamedia _aunmediated |
||
| 338 |
_2rdacarrier _avolume |
||
| 490 | 1 | _aHistoria. Serie menor | |
| 504 | _aBibliografía. Índice | ||
| 505 | 1 | _av. 1. De la prehistoria a la Edad Media -- v. 2. El mundo moderno -- v. 3. Del siglo XIX a los umbrales del XX -- v. 4. Del siglo XX a los umbrales del XXI. | |
| 650 | 4 |
_911946 _aMujeres _zEspaña _xCondiciones sociales _vHistoria |
|
| 650 | 4 |
_911947 _aMujeres _zAmérica Latina _xCondiciones sociales _vHistoria |
|
| 700 | 1 |
_aMorant Deusa, Isabel, _d1947- _911948 |
|
| 830 | 0 |
_911949 _aHistoria (Cátedra). _pSerie menor |
|
| 942 | _cMTS | ||
| 999 |
_c5604 _d5604 |
||